L' énergie humaine

Wedi'i Gadw mewn:
Manylion Llyfryddiaeth
Prif Awdur: Teilhard de Chardin, Pierre (Awdur)
Fformat: Llyfr
Iaith:Ffrangeg
Cyhoeddwyd: París Seuil 1962
Cyfres:Oeuvres de Teilhard de Chardin, 6
Pynciau:
Tagiau: Ychwanegu Tag
Dim Tagiau, Byddwch y cyntaf i dagio'r cofnod hwn!

MARC

LEADER 00000nam a2200000 a 4500
001 UCU3410
003 CL-VaPUC
008 960510e19620000FR |||||||||||||||||fre|d
082 0 4 |a 118  |b TEI  |2 21 
100 0 |a Teilhard de Chardin, Pierre  |e author  |9 315457 
245 1 3 |a L' énergie humaine 
300 |a 222 p 
942 |c BK 
945 |d 19960510 00:00:00  |a rleighto 
260 |a París  |b Seuil  |c 1962 
650 0 |a Filosofía   |9 223554 
650 0 |a Metafísica  |9 265649 
650 0 |a Energía   |9 259431 
650 7 |a TIERRA  |2 CL-VaPUC  |9 261538 
650 0 |a Espíritu  |9 315904 
650 0 |a Universo  |9 266563 
650 0 |a Ciencia  |9 255691 
583 |a last modification  |c 19960510 00:00:00  |k Rodrigo Vera 
490 0 |a Oeuvres de Teilhard de Chardin, 6 
999 |c 247428  |d 247426 
952 |0 0  |1 0  |4 0  |6 118_000000000000000_TEI_1962  |7 0  |8 P  |9 263325  |a BIBEDU  |b BIBEDU  |c BIBEDU_PB  |d 2019-11-19  |i 3122719  |o 118 TEI 1962  |p 3122719  |r 2024-01-25  |w 2019-11-19  |y BK  |k FIL